Friedrich Nietzsche : 4. Los años de hundimiento (Enero de 1889 hasta la muerte el 25 de agosto de 1900)
Guardado en:
| Hovedforfatter: | |
|---|---|
| Format: | Bog |
| Sprog: | Undetermined |
| Udgivet: |
Madrid, España
Alianza Editorial
1985
|
| Fag: | |
| Tags: |
Tilføj Tag
Ingen Tags, Vær først til at tagge denne postø!
|
MARC
| LEADER | 00000nam a2200000Ia 4500 | ||
|---|---|---|---|
| 008 | 170316s9999 xx 000 0 und d | ||
| 090 | |a 100 J-3.1f v.4 | ||
| 100 | |a Janz, Curt Paul | ||
| 245 | |a Friedrich Nietzsche : 4. Los años de hundimiento (Enero de 1889 hasta la muerte el 25 de agosto de 1900) | ||
| 260 | |a Madrid, España | ||
| 260 | |b Alianza Editorial | ||
| 260 | |c 1985 | ||
| 300 | |a 352 páginas Vol. 4 | ||
| 650 | |a FILOSOFÍA | ||
| 650 | |a NIETZSCHE FRIEDRICH - BIOGRAFÍA | ||
| 999 | |c 16598 |d 16598 | ||
| 040 | |a cru BVZT | ||
| 942 | |c 15 D |h 100 J-3.1f v.4 |2 z | ||
